[Event "12th Asia-ch (women)"]
[Site "Tehran IRI"]
[Date "2007.09.03"]
[Round "1.1"]
[White "Ramaswamy, Aarthie"]
[Black "Ruan Lufei"]
[Result "1/2-1/2"]
[WhiteElo "2281"]
[BlackElo "2433"]
[EventDate "2007.09.03"]
[PlyCount "168"]

1.e4 e5 2.Nf3 Nc6 3.Bb5 Nf6 4.d3 Bc5 5.O-O Nd4 6.Nxd4 Bxd4 7.c3 Bb6 8.Bg5 
h6 9.Be3 c6 10.Ba4 O-O 11.Nd2 d5 12.Bxb6 Qxb6 13.Qc2 Qc7 14.Rfe1 a5 15.Bb3
Re8 16.h3 Bd7 17.Qd1 Rad8 18.Qe2 Bc8 19.Nf1 g6 20.exd5 cxd5 21.Qd2 Kg7 22.
d4 e4 23.Ne3 Be6 24.Rac1 Qd7 25.Bd1 Ng8 26.Rf1 f5 27.f4 exf3 28.Bxf3 Nf6 
29.c4 dxc4 30.Nxc4 Qxd4+ 31.Qxd4 Rxd4 32.Nxa5 b6 33.Nc6 Rd2 34.Rf2 Rxf2 
35.Kxf2 Bxa2 36.Ra1 Bc4 37.Ra7+ Kf8 38.Rb7 b5 39.b3 Bxb3 40.Rxb5 Ba4 41.
Rb6 Nd7 42.Rb4 Nc5 43.Rd4 Bxc6 44.Bxc6 Re6 45.Bf3 Ke7 46.g4 Kf6 47.gxf5 
gxf5 48.Kg3 Rb6 49.Rc4 Ne6 50.Rc3 Kg5 51.h4+ Kf6 52.Bd5 Nd4 53.Bf3 Rb8 54.
Rc4 Ne6 55.Bd5 Ng7 56.Rc6+ Ke5 57.Bc4 Rb4 58.Kf3 Ra4 59.Bb3 Rxh4 60.Rg6 
Rh3+ 61.Kg2 Rxb3 62.Rxg7 Kf4 63.Rf7 Rg3+ 64.Kf2 Rg6 65.Ra7 Kg4 66.Ra4+ f4 
67.Ra5 h5 68.Ra8 h4 69.Kg2 h3+ 70.Kh2 Re6 71.Rg8+ Kf3 72.Rf8 Ke3 73.Ra8 f3
74.Ra3+ Kf2 75.Ra2+ Re2 76.Ra1 Rb2 77.Kxh3 Re2 78.Kh2 Re1 79.Ra2+ Re2 80.
Ra1 Rc2 81.Ra3 Ke2 82.Ra1 Kf2 83.Ra3 Rd2 84.Ra1 Re2 1/2-1/2

[Event "12th Asia-ch (women)"]
[Site "Tehran IRI"]
[Date "2007.09.03"]
[Round "1.4"]
[White "Tania, Sachdev"]
[Black "Zhang Xiaowen"]
[Result "1-0"]
[WhiteElo "2393"]
[BlackElo "2203"]
[EventDate "2007.09.03"]
[PlyCount "101"]

1.d4 Nf6 2.c4 g6 3.Nf3 Bg7 4.g3 O-O 5.Bg2 d6 6.Nc3 Nc6 7.O-O a6 8.h3 Bd7 
9.e4 e5 10.d5 Nd4 11.Be3 Nxf3+ 12.Qxf3 Qc8 13.Bg5 Nh5 14.g4 Nf4 15.Bxf4 
exf4 16.Qxf4 h5 17.gxh5 Bxh3 18.Qg3 Bg4 19.hxg6 Be5 20.Qe3 fxg6 21.f4 Bg7 
22.e5 Qf5 23.Be4 Qh5 24.e6 Bh3 25.Rf2 g5 26.Rh2 g4 27.Ne2 Bxb2 28.Rb1 Bg7 
29.Rxb7 Qh4 30.Rb1 Rab8 31.Rd1 Rb2 32.Bg6 Bf6 33.Qg3 Kg7 34.Qxh4 Bxh4 35.
f5 Rfb8 36.Nf4 Rxh2 37.Kxh2 Rb2+ 38.Kh1 Bg5 39.Nxh3 gxh3 40.Rd3 Rxa2 41.
Rxh3 Ra1+ 42.Kg2 Ra2+ 43.Kf1 Ra1+ 44.Ke2 Ra2+ 45.Kd1 Ra1+ 46.Kc2 Rc1+ 47.
Kb3 a5 48.Rh7+ Kg8 49.Rxc7 Ra1 50.e7 a4+ 51.Kb4 1-0

[Event "12th Asia-ch (women)"]
[Site "Tehran IRI"]
[Date "2007.09.03"]
[Round "1.5"]
[White "Ghaderpour, Shayesteh"]
[Black "Wang Yu A."]
[Result "1-0"]
[WhiteElo "2190"]
[BlackElo "2384"]
[EventDate "2007.09.03"]
[PlyCount "143"]

1.e4 e5 2.Nf3 Nc6 3.Bb5 a6 4.Ba4 Nf6 5.O-O Be7 6.Bxc6 dxc6 7.Qe1 Nd7 8.b3 
O-O 9.Bb2 Bf6 10.a4 Re8 11.d3 Nf8 12.Nbd2 Bg4 13.Qe3 a5 14.Nc4 Ng6 15.Kh1 
b6 16.h3 Bd7 17.Bc3 c5 18.Kh2 Qe7 19.Rfe1 Rad8 20.Rad1 Bc8 21.Bb2 h6 22.
Bc1 Bb7 23.g3 Bc8 24.Ng1 Rd4 25.Qf3 Nf8 26.Ne3 c6 27.Bb2 Rdd8 28.Nf5 Qe6 
29.h4 Kh7 30.Bc1 Ng6 31.Qh5 Rg8 32.Nf3 Ne7 33.g4 Nxf5 34.gxf5 Qd7 35.Bxh6 
g6 36.Qg4 Kh8 37.Bg5 Qe7 38.Rg1 Kg7 39.Bxf6+ Qxf6 40.Qg5 Rh8 41.Rg3 Rh6 
42.Kg2 Rdh8 43.fxg6 Rxg6 44.Qxe5 Bg4 45.Qxf6+ Kxf6 46.Rh1 Be6 47.Rxg6+ 
fxg6 48.Ng5 Bd7 49.f4 b5 50.Kg3 Kg7 51.Nf3 Rb8 52.Ne5 Be8 53.Ra1 Ra8 54.f5
gxf5 55.exf5 Kf6 56.Kf4 Bh5 57.Nxc6 bxa4 58.bxa4 Ra6 59.Ne5 Rd6 60.Re1 
Rd4+ 61.Re4 Be8 62.Ng4+ Kg7 63.Kg5 Bxa4 64.Ne5 Kg8 65.Re2 Bb5 66.f6 Be8 
67.Nc4 Bd7 68.Re1 a4 69.Ne5 Rd5 70.c4 a3 71.cxd5 a2 72.Rg1 1-0

[Event "12th Asia-ch (women)"]
[Site "Tehran IRI"]
[Date "2007.09.03"]
[Round "1.6"]
[White "Karavade, Eesha"]
[Black "Wang Xiaohui"]
[Result "1-0"]
[WhiteElo "2367"]
[BlackElo "2190"]
[EventDate "2007.09.03"]
[PlyCount "89"]

1.d4 Nf6 2.c4 e6 3.Nf3 b6 4.g3 Ba6 5.Qc2 d5 6.cxd5 exd5 7.Bg2 Bd6 8.O-O 
O-O 9.Nc3 c6 10.Ne5 Bb7 11.Bf4 Nh5 12.Bd2 Qe7 13.Nd3 Nf6 14.Rfe1 Ne4 15.
Bf4 Bxf4 16.Nxf4 Re8 17.Rad1 Na6 18.a3 Nc7 19.e3 Rad8 20.Nd3 Nxc3 21.Qxc3 
Nb5 22.Qc2 Rc8 23.Qa4 a6 24.Qb3 Qd8 25.Nf4 Nd6 26.f3 Qc7 27.Rc1 Nc4 28.e4 
b5 29.Qc3 dxe4 30.fxe4 Qb6 31.Nd3 Rcd8 32.Nc5 Bc8 33.b3 Nxa3 34.Qb4 a5 35.
Qxa3 Rxd4 36.Qb2 Qd8 37.e5 b4 38.Qf2 g6 39.Bxc6 Re7 40.Ne4 Be6 41.Nf6+ Kg7
42.Nd5 Rxd5 43.Bxd5 Qxd5 44.Qf6+ Kg8 45.Red1 1-0

[Event "12th Asia-ch (women)"]
[Site "Tehran IRI"]
[Date "2007.09.03"]
[Round "1.7"]
[White "Amrutha Mokal, Sunil"]
[Black "Gu Xiaobing"]
[Result "1/2-1/2"]
[WhiteElo "2166"]
[BlackElo "2351"]
[EventDate "2007.09.03"]
[PlyCount "111"]

1.e4 c5 2.Nf3 d6 3.d4 cxd4 4.Nxd4 Nf6 5.Nc3 a6 6.Be2 e5 7.Nb3 Be7 8.Bg5 
Be6 9.Bxf6 Bxf6 10.Qd3 Be7 11.Nd5 Bxd5 12.Qxd5 Qc7 13.Bc4 O-O 14.O-O-O Nd7
15.Qd3 Rac8 16.Bd5 a5 17.Kb1 a4 18.Nd2 Nb6 19.c4 Qc5 20.Rhf1 Rc7 21.g3 
Nxd5 22.Qxd5 Qb4 23.Qd3 Rfc8 24.h4 b5 25.cxb5 Rb8 26.Rc1 Rxb5 27.Rc2 Rxc2 
28.Qxc2 Qd4 29.Nc4 Rc5 30.Rc1 g6 31.f3 d5 32.exd5 Qxd5 33.Qe2 Bf8 34.Rc3 
Qd4 35.g4 a3 36.Nxa3 Rxc3 37.bxc3 Qxc3 38.Nc4 Bc5 39.Nxe5 Bd4 40.Nc4 Qa1+ 
41.Kc2 Qxa2+ 42.Kd3 Qa1 43.h5 Qc3+ 44.Ke4 Bf6 45.f4 gxh5 46.gxh5 Qh3 47.
Ne3 Qe6+ 48.Kf3 Bd4 49.Nf1 Qd5+ 50.Kg4 f5+ 51.Kg5 Kf7 52.Ng3 h6+ 53.Kh4 
Qd6 54.Qf3 Qf6+ 55.Kh3 Qg7 56.Qb7+ 1/2-1/2

[Event "12th Asia-ch (women)"]
[Site "Tehran IRI"]
[Date "2007.09.03"]
[Round "1.11"]
[White "Pham Bich Ngoc"]
[Black "Pourkashiyan, Atousa"]
[Result "1/2-1/2"]
[WhiteElo "2103"]
[BlackElo "2322"]
[EventDate "2007.09.03"]
[PlyCount "142"]

1.c4 e6 2.g3 d5 3.Bg2 Nf6 4.Nf3 dxc4 5.Qc2 Nbd7 6.O-O a6 7.b3 cxb3 8.axb3 
Bd6 9.d4 O-O 10.Bb2 Rb8 11.Nbd2 b5 12.Ne5 Bxe5 13.dxe5 Nd5 14.Rfc1 c5 15.
Ne4 Rb6 16.Nxc5 Rc6 17.Bd4 Qe7 18.e4 N5b6 19.Qc3 Bb7 20.Qe3 Bc8 21.Nxa6 
Nc4 22.bxc4 Bxa6 23.cxb5 Bxb5 24.Rxc6 Bxc6 25.Qa3 Qxa3 26.Rxa3 Ra8 27.
Rxa8+ Bxa8 28.f4 Kf8 29.Kf2 Ke7 30.Ke3 Bb7 31.g4 f6 32.exf6+ gxf6 33.Bb2 
Kf7 34.Bf3 Ba6 35.g5 fxg5 36.Bh5+ Kg8 37.fxg5 Nf8 38.Bg4 Kf7 39.h4 Bb7 40.
h5 Nd7 41.Bd1 Bc6 42.Kf4 Nc5 43.Bc2 Bb5 44.Ke3 Nd7 45.Bc3 Nf8 46.Bh8 Kg8 
47.Bf6 Nd7 48.e5 Nf8 49.g6 hxg6 50.hxg6 Nd7 51.Kd4 Be2 52.Ba4 Nb6 53.Be8 
Bg4 54.Kc5 Nd5 55.Kd6 Kf8 56.Bf7 Nc3 57.Kd7 Bf5 58.Be8 Nd5 59.Kd8 Nf4 60.
g7+ Kg8 61.Bc6 Nh5 62.Ke7 Nf4 63.Bd7 Nd5+ 64.Kd6 Nf4 65.Be8 Nd5 66.Kc5 Nf4
67.Kd4 Nd5 68.Kc4 Ne3+ 69.Kc3 Bg4 70.Bd7 Nd5+ 71.Kd2 Nf4 1/2-1/2

[Event "12th Asia-ch (women)"]
[Site "Tehran IRI"]
[Date "2007.09.03"]
[Round "1.12"]
[White "Le Thanh Tu"]
[Black "Bayat, Shohreh"]
[Result "1-0"]
[WhiteElo "2318"]
[BlackElo "2066"]
[EventDate "2007.09.03"]
[PlyCount "59"]

1.d4 d5 2.c4 e6 3.Nf3 f5 4.g3 Nf6 5.Bg2 c6 6.O-O Bd6 7.Nc3 O-O 8.Bf4 Bxf4 
9.gxf4 Qe7 10.Qc2 Ne4 11.e3 Nd7 12.c5 Kh8 13.b4 b5 14.Ne2 Bb7 15.Ne5 Rad8 
16.a4 a6 17.axb5 axb5 18.Ra7 Nb8 19.Nc1 Rc8 20.Nb3 Nf6 21.Qe2 Rc7 22.Na5 
Rfc8 23.Ra1 Ng8 24.Qh5 Nh6 25.Qg5 Re8 26.Qxe7 Rexe7 27.Rxb7 Rxb7 28.Nxb7 
Rxb7 29.Ra8 Ng8 30.Rxb8 1-0

[Event "12th Asia-ch (women)"]
[Site "Tehran IRI"]
[Date "2007.09.03"]
[Round "1.13"]
[White "Hoang Thi Nhu Y"]
[Black "Swathi, Ghate"]
[Result "0-1"]
[WhiteElo "2018"]
[BlackElo "2317"]
[EventDate "2007.09.03"]
[PlyCount "76"]

1.d4 Nf6 2.c4 e6 3.g3 d5 4.Bg2 dxc4 5.Qa4+ c6 6.Qxc4 b5 7.Qc2 Bb7 8.Nf3 
Nbd7 9.Nc3 Rc8 10.O-O Be7 11.Rd1 O-O 12.Bf4 b4 13.Na4 c5 14.Nxc5 Nxc5 15.
dxc5 Qa5 16.Nd2 Bxc5 17.Qb3 Bxg2 18.Kxg2 Qb5 19.Qf3 Bd4 20.Ne4 Nxe4 21.
Rxd4 f5 22.Qd3 Qb6 23.Rd1 a5 24.f3 Nc5 25.Qe3 Rfe8 26.Qe5 h6 27.Rc4 Qb7 
28.Qd4 Na6 29.Qe5 Red8 30.e4 Qc7 31.Qxc7 Nxc7 32.Rd2 Nb5 33.Be3 Rxd2+ 34.
Bxd2 Rxc4 35.Kf2 Rc2 36.Ke3 Rxb2 37.exf5 exf5 38.a4 Rb3+ 0-1

[Event "12th Asia-ch (women)"]
[Site "Tehran IRI"]
[Date "2007.09.03"]
[Round "1.14"]
[White "Hoang Thi Bao Tram"]
[Black "Hakimifard, Ghazal"]
[Result "1-0"]
[WhiteElo "2306"]
[BlackElo "2018"]
[EventDate "2007.09.03"]
[PlyCount "105"]

1.d4 d5 2.Nf3 Nf6 3.e3 e6 4.Bd3 c5 5.c3 Nbd7 6.Ne5 Nxe5 7.dxe5 Nd7 8.f4 
Be7 9.O-O b6 10.c4 dxc4 11.Bxc4 Bb7 12.Qg4 O-O 13.Rd1 Qc7 14.Bxe6 Nxe5 15.
fxe5 fxe6 16.Qxe6+ Rf7 17.Nc3 Qc6 18.Qg4 Raf8 19.e4 c4 20.Be3 Bc5 21.Qg3 
Qc7 22.Bxc5 Qxc5+ 23.Kh1 Rf2 24.h3 R2f4 25.e6 Qe5 26.e7 Qxe7 27.Nd5 Qh4 
28.Qa3 Rxe4 29.Qxa7 Re1+ 30.Rxe1 Bxd5 31.Re2 Qxh3+ 32.Kg1 Qg4 33.Qe7 Qd4+ 
34.Qe3 Qxe3+ 35.Rxe3 b5 36.Rd1 Bc6 37.Rd6 Rc8 38.a3 Be8 39.Rb6 Bc6 40.Re5 
Bd7 41.Rb7 Bc6 42.Ra7 Re8 43.Rc5 Re1+ 44.Kh2 Re6 45.Ra6 Rh6+ 46.Kg1 Be8 
47.Rxh6 gxh6 48.Rc7 Bg6 49.Kf2 h5 50.g3 Kf8 51.Ke3 Ke8 52.Kd4 Kd8 53.Rb7 
1-0

[Event "12th Asia-ch (women)"]
[Site "Tehran IRI"]
[Date "2007.09.03"]
[Round "1.15"]
[White "Tajik, Sareh"]
[Black "Nguyen Thi Thanh An"]
[Result "0-1"]
[WhiteElo "2000"]
[BlackElo "2296"]
[EventDate "2007.09.03"]
[PlyCount "104"]

1.e4 c5 2.Nf3 d6 3.d4 cxd4 4.Nxd4 Nf6 5.Nc3 a6 6.Be2 e6 7.O-O Qc7 8.a4 Be7
9.f4 O-O 10.Kh1 Nc6 11.Be3 Bd7 12.Qe1 Nxd4 13.Bxd4 Bc6 14.Qg3 b5 15.Bd3 b4
16.Ne2 g6 17.e5 Nh5 18.Qg4 Qb7 19.Rf2 Be4 20.Ng3 Nxg3+ 21.Qxg3 Rad8 22.
Bxe4 Qxe4 23.c3 bxc3 24.Bxc3 dxe5 25.fxe5 Qxa4 26.Rff1 Qb5 27.Qf4 Rd5 28.
Ra5 Qd3 29.Ra4 f5 30.h4 Rc8 31.Rf3 Qb1+ 32.Kh2 Rd1 33.Rh3 Rh1+ 34.Kg3 
Rxc3+ 35.bxc3 Qe1+ 36.Qf2 Qxe5+ 37.Rf4 Qxc3+ 38.Qf3 Qe1+ 39.Qf2 Rxh3+ 40.
gxh3 Qxf2+ 41.Kxf2 a5 42.Rc4 e5 43.Rc8+ Kf7 44.Ra8 Bxh4+ 45.Ke3 Be1 46.
Ra7+ Kf6 47.Ke2 Bb4 48.h4 e4 49.Rxh7 f4 50.Rc7 Ke5 51.Rc6 Bd6 52.Rc4 Kd5 
0-1

[Event "12th Asia-ch (women)"]
[Site "Tehran IRI"]
[Date "2007.09.04"]
[Round "2.1"]
[White "Swathi, Ghate"]
[Black "Huang Qian"]
[Result "0-1"]
[WhiteElo "2317"]
[BlackElo "2410"]
[EventDate "2007.09.03"]
[PlyCount "100"]

1.e4 c5 2.Nf3 d6 3.d4 cxd4 4.Nxd4 Nf6 5.Nc3 a6 6.Be3 e5 7.Nf3 Be7 8.Bc4 
O-O 9.O-O Nc6 10.Re1 Be6 11.Nd5 Rc8 12.Bb6 Qd7 13.Bf1 Bd8 14.Nxf6+ Bxf6 
15.c4 Bd8 16.Be3 Ba5 17.Nd2 Ne7 18.Rc1 f5 19.f3 fxe4 20.fxe4 Qd8 21.Qh5 
Bb6 22.c5 Bxc5 23.Rxc5 dxc5 24.Qxe5 Bf7 25.Nf3 Nc6 26.Qxc5 Qe7 27.a3 Qxc5 
28.Bxc5 Rfe8 29.Bd6 Na5 30.Be5 Bc4 31.Bc3 Bxf1 32.Kxf1 Nc4 33.a4 Nb6 34.a5
Na4 35.Bd4 Nc5 36.e5 Nd3 37.Rd1 Rc1 38.Rxc1 Nxc1 39.Kf2 Nb3 40.Bc3 Nc5 41.
Ke3 Kf7 42.Nd2 Ke6 43.Kd4 Nd7 44.Nc4 Rf8 45.Nd6 Rb8 46.Ke4 b6 47.axb6 Rxb6
48.Nf5 Nc5+ 49.Kf4 g6 50.Ng7+ Kf7 0-1

[Event "12th Asia-ch (women)"]
[Site "Tehran IRI"]
[Date "2007.09.04"]
[Round "2.2"]
[White "Hoang Thi Bao Tram"]
[Black "Tania, Sachdev"]
[Result "0-1"]
[WhiteElo "2306"]
[BlackElo "2393"]
[EventDate "2007.09.03"]
[PlyCount "74"]

1.d4 Nf6 2.Nf3 e6 3.e3 c5 4.Bd3 b6 5.b3 Bb7 6.Bb2 Be7 7.Nbd2 d5 8.O-O O-O 
9.Ne5 Nc6 10.a3 a6 11.Qe2 b5 12.Nxc6 Bxc6 13.dxc5 Bxc5 14.Rad1 Qe7 15.b4 
Bd6 16.e4 dxe4 17.Nxe4 Nxe4 18.Bxe4 Bxh2+ 19.Kxh2 Qh4+ 20.Kg1 Qxe4 21.Qxe4
Bxe4 22.Rd2 Rac8 23.c3 Bd5 24.Re1 Rc4 25.Ra1 Rg4 26.g3 f5 27.Rd4 f4 28.Bc1
g5 29.Bd2 Bf3 30.Kh2 Rf6 31.Rd8+ Kg7 32.Rd6 Kg6 33.Rd7 Bc6 34.Ra7 Bd5 35.
gxf4 Rg2+ 36.Kh3 g4+ 37.Kh4 Rf5 0-1

[Event "12th Asia-ch (women)"]
[Site "Tehran IRI"]
[Date "2007.09.04"]
[Round "2.3"]
[White "Nguyen Thi Thanh An"]
[Black "Karavade, Eesha"]
[Result "1-0"]
[WhiteElo "2296"]
[BlackElo "2367"]
[EventDate "2007.09.03"]
[PlyCount "55"]

1.e4 c5 2.c4 g6 3.Nf3 Bg7 4.d4 cxd4 5.Nxd4 Nc6 6.Be3 Nf6 7.Nc3 d6 8.Be2 
O-O 9.O-O Qa5 10.Kh1 Bd7 11.Nb3 Qd8 12.c5 Be6 13.cxd6 exd6 14.Nd4 Bd7 15.
Ndb5 a6 16.Nxd6 b5 17.Rc1 Be6 18.f4 b4 19.Na4 Ne7 20.Bb6 Qb8 21.Bc7 Qa7 
22.Ba5 Qb8 23.e5 Nfd5 24.Qd2 Ra7 25.Nc5 Bh6 26.g3 Bd7 27.Nxd7 Rxd7 28.Bf3 
1-0

[Event "12th Asia-ch (women)"]
[Site "Tehran IRI"]
[Date "2007.09.04"]
[Round "2.4"]
[White "Le Kieu Thien Kim"]
[Black "Ju Wenjun"]
[Result "0-1"]
[WhiteElo "2293"]
[BlackElo "2345"]
[EventDate "2007.09.03"]
[PlyCount "75"]

1.e4 c5 2.Nc3 d6 3.g3 g6 4.Bg2 Bg7 5.Nge2 Nc6 6.d3 e6 7.Be3 Nd4 8.O-O Ne7 
9.Rb1 Nec6 10.a3 a5 11.a4 O-O 12.Nb5 Nxe2+ 13.Qxe2 b6 14.e5 d5 15.f4 f6 
16.exf6 Bxf6 17.c4 Re8 18.Rbd1 Ba6 19.Qf3 Kh8 20.Bf2 Bxb5 21.axb5 Nd4 22.
Bxd4 Bxd4+ 23.Kh1 Bxb2 24.cxd5 exd5 25.f5 gxf5 26.Qxf5 Re5 27.Qf7 Qe7 28.
Qxe7 Rxe7 29.Bxd5 Rd8 30.Rf5 a4 31.Rdf1 Bg7 32.Bc4 a3 33.Rf7 Rxf7 34.Rxf7 
Ra8 35.Ba2 Bd4 36.Kg2 Ra5 37.Rf3 Rxb5 38.Rf4 0-1

[Event "12th Asia-ch (women)"]
[Site "Tehran IRI"]
[Date "2007.09.04"]
[Round "2.5"]
[White "Paridar, Shadi"]
[Black "Mohota, Nisha"]
[Result "0-1"]
[WhiteElo "2225"]
[BlackElo "2332"]
[EventDate "2007.09.03"]
[PlyCount "92"]

1.e4 e5 2.Nf3 Nc6 3.Bb5 a6 4.Ba4 Nf6 5.O-O Be7 6.Bxc6 dxc6 7.Qe1 Nd7 8.b3 
c5 9.Bb2 f6 10.a4 Nf8 11.Nh4 Ne6 12.Nf5 O-O 13.d3 Nd4 14.Bxd4 cxd4 15.Qe2 
Bb4 16.Ng3 Qd6 17.Nd2 Qc6 18.Nf3 Bc3 19.Rad1 b5 20.axb5 axb5 21.Nh4 Ra2 
22.f4 exf4 23.Rxf4 Bb4 24.Rf2 g6 25.Rdf1 Bd7 26.Nf3 Qa6 27.e5 f5 28.h4 Be6
29.h5 Bc5 30.Qd1 Bd5 31.Nh4 f4 32.hxg6 fxg3 33.gxh7+ Kxh7 34.Rxf8 Bxf8 35.
Qh5+ Qh6 36.Qf5+ Kg8 37.Qg4+ Qg7 38.Rxf8+ Kxf8 39.Qc8+ Kf7 40.Qd7+ Kg8 41.
Qc8+ Kh7 42.Qf5+ Kh8 43.Qh5+ Kg8 44.Qe8+ Kh7 45.Qh5+ Qh6 46.Qf5+ Kh8 0-1

[Event "12th Asia-ch (women)"]
[Site "Tehran IRI"]
[Date "2007.09.04"]
[Round "2.8"]
[White "Gu Xiaobing"]
[Black "Ramaswamy, Aarthie"]
[Result "1/2-1/2"]
[WhiteElo "2351"]
[BlackElo "2281"]
[EventDate "2007.09.03"]
[PlyCount "156"]

1.e4 c5 2.Nf3 Nc6 3.d4 cxd4 4.Nxd4 Nf6 5.Nc3 d6 6.Bg5 e6 7.Qd2 Be7 8.O-O-O
Nxd4 9.Qxd4 O-O 10.f4 Qa5 11.Bc4 Bd7 12.e5 dxe5 13.fxe5 Bc6 14.Bd2 Nd7 15.
Nd5 Qd8 16.Nxe7+ Qxe7 17.Rhe1 Rfd8 18.Qg4 Nb6 19.Bd3 Rxd3 20.cxd3 Ba4 21.
Bh6 f5 22.exf6 Qxf6 23.Bd2 Rc8+ 24.Kb1 Bc2+ 25.Ka1 Bxd1 26.Rxd1 Qf5 27.Qg3
Nd5 28.a3 Rf8 29.Qd6 h6 30.Bc1 Kh7 31.Qd7 Rf7 32.Qa4 a6 33.g4 Qe5 34.g5 
hxg5 35.h4 b5 36.Qxa6 Qe2 37.Rd2 Qf1 38.Rc2 Qxd3 39.Rc8 Rc7 40.Rxc7 Nxc7 
41.Qc6 Nd5 42.hxg5 Qe2 43.Qe8 Nf4 44.Qf7 Ng6 45.Qd7 Qc4 46.Qd1 Ne7 47.Bd2 
Kg6 48.Kb1 e5 49.b3 Qd4 50.Qc2+ e4 51.Bc3 Qg1+ 52.Ka2 Kxg5 53.Qxe4 Qf2+ 
54.Ka1 Nf5 55.Qd5 Qf1+ 56.Kb2 Qe2+ 57.Qd2+ Qxd2+ 58.Bxd2+ Kf6 59.Kc3 g5 
60.Kb4 g4 61.Bc3+ Ke6 62.Kc5 g3 63.Be1 Nd6 64.Bxg3 Ne4+ 65.Kxb5 Nxg3 66.
Kb6 Ne4 67.a4 Kd7 68.a5 Kc8 69.Kc6 Kb8 70.b4 Nc3 71.Kc5 Ka7 72.Kc4 Ne4 73.
Kd4 Nd6 74.Kc5 Ne4+ 75.Kd5 Nc3+ 76.Kc4 Ne4 77.Kb5 Nc3+ 78.Kc6 Ka6 1/2-1/2

[Event "12th Asia-ch (women)"]
[Site "Tehran IRI"]
[Date "2007.09.04"]
[Round "2.10"]
[White "Pourkashiyan, Atousa"]
[Black "Navabi, Shirin"]
[Result "1-0"]
[WhiteElo "2322"]
[BlackElo "2121"]
[EventDate "2007.09.03"]
[PlyCount "63"]

1.e4 e5 2.Nf3 Nf6 3.Nxe5 d6 4.Nf3 Nxe4 5.d4 d5 6.Bd3 Be7 7.O-O Nc6 8.c4 
Nf6 9.h3 O-O 10.Nc3 Be6 11.c5 b6 12.Bb5 Nb8 13.Be3 c6 14.Ba4 Ne4 15.Ne5 
Nxc3 16.bxc3 Qc8 17.Qf3 f6 18.Nd3 Bf5 19.Nf4 Be4 20.Qg3 Kh8 21.Rfe1 Bd8 
22.Nh5 Bg6 23.Bd1 Bxh5 24.Bxh5 Bc7 25.Bf4 Bxf4 26.Qxf4 bxc5 27.Re7 Nd7 28.
Rae1 Qd8 29.Qg4 g6 30.Bxg6 Ne5 31.Rxh7+ Kg8 32.dxe5 1-0

[Event "12th Asia-ch (women)"]
[Site "Tehran IRI"]
[Date "2007.09.04"]
[Round "2.11"]
[White "Batkhuyag, Munguntuul"]
[Black "Salman, Mahini Mona"]
[Result "1-0"]
[WhiteElo "2405"]
[BlackElo "2106"]
[EventDate "2007.09.03"]
[PlyCount "87"]

1.e4 c5 2.Nf3 d6 3.d4 cxd4 4.Nxd4 Nf6 5.Nc3 a6 6.Be2 e5 7.Nb3 Be7 8.O-O 
Be6 9.Be3 Nbd7 10.a4 b6 11.Qd2 O-O 12.Rfc1 Ng4 13.Bxg4 Bxg4 14.Nd5 Bh4 15.
Qb4 Nf6 16.Bxb6 Nxd5 17.exd5 Qg5 18.Kh1 f5 19.f3 Bh5 20.Qxd6 Rf6 21.Qc5 
Rg6 22.Rg1 Qh6 23.d6 Rxd6 24.Bc7 Re6 25.Qd5 Re8 26.Nc5 Bg3 27.h3 Bf7 28.
Nxe6 Bxe6 29.Qc6 Kf7 30.Rgd1 Qg5 31.Bb6 f4 32.Rd6 Qh4 33.Bd8 Rxd8 34.Qc7+ 
Qe7 35.Qxd8 Qxd8 36.Rxd8 Bf2 37.b4 Ke7 38.Ra8 Bc4 39.Rc8 Be2 40.Rc7+ Kf6 
41.c4 Be3 42.b5 axb5 43.axb5 g6 44.b6 1-0

[Event "12th Asia-ch (women)"]
[Site "Tehran IRI"]
[Date "2007.09.04"]
[Round "2.12"]
[White "Wang Yu A."]
[Black "Bayat, Shohreh"]
[Result "1-0"]
[WhiteElo "2384"]
[BlackElo "2066"]
[EventDate "2007.09.03"]
[PlyCount "95"]

1.e4 e6 2.d4 d5 3.Nd2 c5 4.exd5 Qxd5 5.Ngf3 cxd4 6.Bc4 Qd6 7.O-O Nf6 8.Nb3
Nc6 9.Nbxd4 Nxd4 10.Nxd4 a6 11.Bb3 Qc7 12.c3 Bd6 13.h3 O-O 14.Bc2 Bh2+ 15.
Kh1 Bf4 16.Qf3 Bxc1 17.Raxc1 Rb8 18.c4 b6 19.b4 Bb7 20.Qe3 Rfc8 21.a3 Qd6 
22.Bb3 Be4 23.Rfd1 Qe7 24.f3 Ba8 25.Nf5 Qc7 26.Nxg7 Qg3 27.Nxe6 Bxf3 28.
Qxf3 Qxf3 29.gxf3 fxe6 30.Rd6 Kf7 31.c5 bxc5 32.Rxe6 Kg7 33.Rg1+ Kh8 34.
Rxf6 cxb4 35.axb4 Rxb4 36.Be6 Re8 37.Bd7 Ra8 38.Rf7 Rb6 39.Bf5 Rh6 40.Rgg7
a5 41.Rxh7+ Rxh7 42.Rxh7+ Kg8 43.Rc7 Ra6 44.Bd3 Ra8 45.Bc4+ Kh8 46.Bd5 Ra6
47.Rc8+ Kg7 48.Ra8 1-0

[Event "12th Asia-ch (women)"]
[Site "Tehran IRI"]
[Date "2007.09.04"]
[Round "2.13"]
[White "Tan Zhongyi"]
[Black "Hoang Thi Nhu Y"]
[Result "1-0"]
[WhiteElo "2276"]
[BlackElo "2018"]
[EventDate "2007.09.03"]
[PlyCount "58"]

1.d4 Nf6 2.c4 e6 3.Nc3 b6 4.a3 Bb7 5.d5 e5 6.Nf3 d6 7.e4 Be7 8.Be2 O-O 9.
O-O Ne8 10.b4 Nd7 11.Be3 g6 12.Nd2 Bg5 13.Bxg5 Qxg5 14.Nb3 f5 15.exf5 gxf5
16.c5 dxc5 17.bxc5 bxc5 18.Bb5 Nef6 19.Na5 Rab8 20.Nxb7 Rxb7 21.d6 cxd6 
22.Qxd6 Nb6 23.Qxe5 Rg7 24.Bc6 Ng4 25.Qe6+ Kh8 26.Bf3 Qf4 27.Bxg4 Qxg4 28.
g3 Qf3 29.Qe3 Qg4 1-0

[Event "12th Asia-ch (women)"]
[Site "Tehran IRI"]
[Date "2007.09.04"]
[Round "2.14"]
[White "Zhang Xiaowen"]
[Black "Hakimifard, Ghazal"]
[Result "1-0"]
[WhiteElo "2203"]
[BlackElo "2018"]
[EventDate "2007.09.03"]
[PlyCount "73"]

1.e4 e5 2.Nf3 Nc6 3.Bb5 a6 4.Ba4 Nf6 5.O-O Be7 6.Re1 b5 7.Bb3 O-O 8.h3 Bb7
9.d3 d6 10.c3 Na5 11.Bc2 c5 12.Nbd2 Nc6 13.Nf1 Bc8 14.d4 Qc7 15.d5 Nb8 16.
Ng3 Nbd7 17.Nf5 Nb6 18.N3h4 h6 19.Qf3 Nh7 20.Qg3 Bg5 21.f4 Bf6 22.fxe5 
Bxe5 23.Bf4 Ng5 24.Bxe5 dxe5 25.d6 Qd8 26.Qxe5 Ne6 27.Ne7+ Kh8 28.Nhf5 Nd7
29.Qg3 Bb7 30.Nxh6 gxh6 31.Qh4 Kg7 32.Nf5+ Kg8 33.Nxh6+ Kg7 34.Nf5+ Kg8 
35.Ne7+ Kg7 36.Qg4+ Kh8 37.e5 1-0

[Event "12th Asia-ch (women)"]
[Site "Tehran IRI"]
[Date "2007.09.05"]
[Round "3"]
[White "Huang Qian"]
[Black "Mohota, Nisha"]
[Result "1/2-1/2"]
[WhiteElo "2410"]
[BlackElo "2332"]
[EventDate "2007.09.03"]
[PlyCount "28"]

1.d4 d5 2.c4 e6 3.Nf3 Nf6 4.Nc3 Be7 5.Bg5 O-O 6.e3 h6 7.Bh4 b6 8.Rc1 Bb7 
9.Be2 dxc4 10.Bxc4 Nbd7 11.O-O Ne4 12.Bxe7 Qxe7 13.Nxe4 Bxe4 14.Bb5 Qd6 
1/2-1/2

[Event "12th Asia-ch (women)"]
[Site "Tehran IRI"]
[Date "2007.09.05"]
[Round "3"]
[White "Tania, Sachdev"]
[Black "Le Thanh Tu"]
[Result "1-0"]
[WhiteElo "2393"]
[BlackElo "2318"]
[EventDate "2007.09.03"]
[PlyCount "107"]

1.d4 Nf6 2.c4 c5 3.d5 e6 4.Nc3 exd5 5.cxd5 d6 6.Nf3 g6 7.h3 Bg7 8.e4 O-O 
9.Bd3 b5 10.Bxb5 Nxe4 11.Nxe4 Qa5+ 12.Nfd2 Qxb5 13.Nxd6 Qa6 14.N2c4 Nd7 
15.O-O Nb6 16.Nxb6 Qxb6 17.Nxc8 Raxc8 18.Rb1 Rfd8 19.Bf4 Qf6 20.Qd2 Qf5 
21.d6 Be5 22.Bxe5 Qxe5 23.d7 Rb8 24.b3 Qe7 25.Rbd1 Rb7 26.Rfe1 Qxd7 27.Qc2
Qc7 28.Rxd8+ Qxd8 29.Qxc5 h5 30.Qe3 Qf6 31.Qe5 Kg7 32.g3 Rd7 33.Kf1 Qxe5 
34.Rxe5 Rd2 35.Re2 Rd5 36.Kg2 Rd3 37.h4 Kf6 38.Re4 a6 39.Ra4 Rd6 40.Kf3 
Re6 41.Rf4+ Kg7 42.Re4 Rf6+ 43.Ke3 Rf5 44.Rf4 Rd5 45.Rd4 Rf5 46.Rd2 Re5+ 
47.Kd4 f6 48.Rc2 Rf5 49.Rc7+ Kh6 50.f4 g5 51.Rc5 Rxc5 52.Kxc5 Kg6 53.fxg5 
fxg5 54.Kb6 1-0

[Event "12th Asia-ch (women)"]
[Site "Tehran IRI"]
[Date "2007.09.05"]
[Round "3"]
[White "Ju Wenjun"]
[Black "Nguyen Thi Thanh An"]
[Result "1/2-1/2"]
[WhiteElo "2345"]
[BlackElo "2296"]
[EventDate "2007.09.03"]
[PlyCount "24"]

1.d4 g6 2.e4 Bg7 3.Nf3 d6 4.c4 e5 5.dxe5 dxe5 6.Qxd8+ Kxd8 7.Nc3 f6 8.Be3 
Be6 9.O-O-O+ Nd7 10.c5 c6 11.Nd2 Kc7 12.Bc4 Re8 1/2-1/2

[Event "12th Asia-ch (women)"]
[Site "Tehran IRI"]
[Date "2007.09.05"]
[Round "3"]
[White "Zhang Jilin"]
[Black "Ruan Lufei"]
[Result "0-1"]
[WhiteElo "2338"]
[BlackElo "2433"]
[EventDate "2007.09.03"]
[PlyCount "112"]

1.e4 e5 2.Nf3 Nc6 3.Bb5 Nf6 4.O-O Nxe4 5.d4 Nd6 6.Bxc6 dxc6 7.dxe5 Nf5 8.
Qxd8+ Kxd8 9.Nc3 Ne7 10.h3 h6 11.Nd4 c5 12.Nb3 b6 13.Be3 Be6 14.f4 h5 15.
Nd2 h4 16.Nf3 Kd7 17.Bf2 Nf5 18.Nd1 Be7 19.Ne3 Nxe3 20.Bxe3 Bf5 21.c4 Rad8
22.Ng5 Bxg5 23.fxg5 Ke6 24.Rf2 Rd3 25.Raf1 Bg6 26.Re1 Rhd8 27.Rf4 Rd1 28.
Kf2 R8d3 29.Re2 Bh5 30.Rc2 Rb1 31.Rxh4 Bd1 32.Rd2 Rxd2+ 33.Bxd2 Rxb2 34.
Ke1 Bc2 35.Rh8 Rxa2 36.h4 Ra1+ 37.Ke2 Rh1 38.Rc8 Kd7 39.e6+ fxe6 40.Rg8 g6
41.Bf4 e5 42.Bxe5 Rxh4 43.Rg7+ Ke6 44.Bxc7 Rxc4 45.Bb8 b5 46.Rxa7 b4 47.
Ra6+ Kf5 48.Bd6 b3 49.Rb6 Re4+ 50.Kd2 Kg4 51.g3 Kxg5 52.Rc6 Rd4+ 53.Kc3 
Kg4 54.Kb2 c4 55.Be5 Re4 56.Rc5 Bd3 0-1

[Event "12th Asia-ch (women)"]
[Site "Tehran IRI"]
[Date "2007.09.05"]
[Round "3"]
[White "Batkhuyag, Munguntuul"]
[Black "Pourkashiyan, Atousa"]
[Result "1/2-1/2"]
[WhiteElo "2405"]
[BlackElo "2322"]
[EventDate "2007.09.03"]
[PlyCount "94"]

1.e4 c5 2.Nf3 e6 3.d4 cxd4 4.Nxd4 Nf6 5.Nc3 Nc6 6.Ndb5 Bb4 7.a3 Bxc3+ 8.
Nxc3 d5 9.exd5 exd5 10.Bd3 O-O 11.O-O d4 12.Ne2 Qd5 13.b4 Rd8 14.Bb2 a6 
15.Qd2 Ng4 16.Qf4 Nf6 17.Rad1 Bg4 18.f3 Be6 19.c4 Qe5 20.b5 axb5 21.cxb5 
Qxf4 22.Nxf4 Na5 23.Be2 Bc4 24.Rxd4 Bxe2 25.Nxe2 Rxd4 26.Bxd4 Nc4 27.Bc5 
h6 28.Nd4 b6 29.Bb4 Nd5 30.Nc6 Nxb4 31.axb4 Nd6 32.Nd4 Rc8 33.Rd1 Rc4 34.
Kf1 g6 35.Ke1 Kf8 36.h4 h5 37.g3 Kg8 38.g4 hxg4 39.fxg4 Kh7 40.Ke2 Rxb4 
41.Nc2 Re4+ 42.Kf3 Nxb5 43.Rd7 Rc4 44.Ne3 Rc7 45.Nd5 Rxd7 46.Nf6+ Kg7 47.
Nxd7 Nd4+ 1/2-1/2